000 00608nam a2200205Ia 4500
003 GCL
008 140319s9999 xx 000 0 ara d
040 _aGCL /
_cGCL
082 0 4 _a750.118
_bع ف
100 1 _aعزالدين نجيب
245 1 0 _aفجر التصوير المصرى الحديث من 1900_1945 /
_cعزالدين نجيب
260 _a[S.N] :
_bدار المستقبل العربى ،
_c1994
300 _a159 ص
490 _a
650 0 4 _aالفنون
650 0 4 _aالفنون التشكيلية
650 0 4 _aالتصوير
650 0 4 _aالمصورون
942 _2ddc
_cBK
999 _c35721
_d35721